[Event "Portugal Open 2018"]
[Site "Lisboa POR"]
[Date "2018.02.06"]
[Round "6.77"]
[White "Ribeiro, Bruno Rafael"]
[Black "Kersten, Julian"]
[Result "1/2-1/2"]
[WhiteElo "1831"]
[BlackElo "2032"]
[WhiteFideId "1908081"]
[BlackFideId "1628542"]
[WhiteCountry "POR"]
[BlackCountry "AUT"]
[PlyCount "237"]
[EventDate "2018.??.??"]

1. e4 e6 2. d3 d5 3. Nd2 Nf6 4. g3 dxe4 5. dxe4 Nc6 6. Bg2 e5 7. Ngf3 Bc5 8. O-O
O-O 9. c3 a5 10. Qe2 Qe7 11. Nb3 Bb6 12. Be3 Bxe3 13. Qxe3 b6 14. h3 Ba6 15.
Rfd1 a4 16. Nbd2 Rfd8 17. Nf1 Na5 18. Qg5 Nc4 19. b3 h6 20. Qh4 Nd6 21. N3d2
axb3 22. axb3 Be2 23. Re1 Rxa1 24. Rxa1 Nb5 25. Nc4 Nxc3 26. Nfe3 Bxc4 27. bxc4
Ne2+ 28. Kf1 Nd4 29. g4 Nd5 30. Qxe7 Nxe7 31. Nd5 Nxd5 32. exd5 Kf8 33. Ra7 Rc8
34. Ke1 Ke7 35. Kd2 Kd6 36. Be4 g6 37. Ra3 f5 38. Bg2 Kc5 39. gxf5 gxf5 40. Bf1
Rg8 41. Ra7 Rg7 42. Ke3 h5 43. Bd3 f4+ 44. Ke4 Kd6 45. Ra8 Nb3 46. Be2 Rg5 47.
Rd8+ Ke7 48. Rh8 Nc5+ 49. Kf3 Rf5 50. Bd1 e4+ 51. Ke2 Kd6 52. Bc2 Ke5 53. f3 Rg5
54. Bxe4 Kd4 55. Rf8 Kxc4 56. Rxf4 Nxe4 57. fxe4 Kd4 58. Kf3 Rg1 59. Rh4 Rg5 60.
Rf4 Re5 61. Rf7 Rxe4 62. Rxc7 Kxd5 63. Rb7 Re6 64. Kf4 Re4+ 65. Kf5 Rb4 66. Kg5
Kc6 67. Rb8 Rb5+ 68. Kf4 Rc5 69. h4 Kb5 70. Rg8 Rc4+ 71. Kg3 Ka4 72. Rh8 Rc5 73.
Kf3 Kb4 74. Ke3 b5 75. Kd3 Kb3 76. Rg8 Rc3+ 77. Kd2 Rc2+ 78. Kd3 Rc3+ 79. Kd2
Rc5 80. Rg5 Kc4 81. Rg3 b4 82. Kc2 Rf5 83. Rg2 Rf4 84. Rh2 b3+ 85. Kb2 Rd4 86.
Ka1 Kc3 87. Rh1 Rd2 88. Kb1 Kb4 89. Ka1 Kc3 90. Kb1 Rb2+ 91. Ka1 Ra2+ 92. Kb1
Rb2+ 93. Ka1 Rf2 94. Kb1 Rf3 95. Ka1 Kd2 96. Kb2 Ke2 97. Rg1 Rh3 98. Rg5 Rxh4
99. Kxb3 Rh3+ 100. Kc4 h4 101. Rh5 Kf3 102. Rh8 Rh1 103. Kd3 Kg3 104. Ke2 Rg1
105. Rg8+ Kh2 106. Rh8 h3 107. Kf2 Rg7 108. Rf8 Rg2+ 109. Kf1 Rg7 110. Rf2+ Kg3
111. Kg1 Ra7 112. Rf1 Ra2 113. Kh1 Rh2+ 114. Kg1 Rg2+ 115. Kh1 Ra2 116. Kg1 h2+
117. Kh1 Kh3 118. Rf3+ Kg4 119. Rg3+ 1/2-1/2

[Event "Portugal Open 2018"]
[Site "Lisboa POR"]
[Date "2018.02.06"]
[Round "6.78"]
[White "Andias, João"]
[Black "Cordeiro, João"]
[Result "1-0"]
[WhiteElo "2015"]
[BlackElo "1807"]
[WhiteFideId "1900862"]
[BlackFideId "1935291"]
[WhiteCountry "POR"]
[BlackCountry "POR"]
[PlyCount "129"]
[EventDate "2018.??.??"]

1. e4 e5 2. Nf3 Nc6 3. Bc4 Bc5 4. c3 Nf6 5. d3 h6 6. h3 d6 7. Bb3 a6 8. Qe2 Ba7
9. Nbd2 Be6 10. Bc2 Qe7 11. Nf1 O-O-O 12. Be3 Kb8 13. O-O-O Rhe8 14. Kb1 d5 15.
Bxa7+ Kxa7 16. g4 dxe4 17. dxe4 Rxd1+ 18. Qxd1 Rd8 19. Qe2 Qc5 20. Qe3 Qxe3 21.
Nxe3 g5 22. Re1 Kb8 23. Nf5 Bxf5 24. exf5 Re8 25. Ba4 b5 26. Bb3 Re7 27. Re3 Nd7
28. Bd5 Nd8 29. c4 c6 30. Be4 Kc7 31. b4 f6 32. c5 Nb7 33. Kc2 a5 34. a3 Re8 35.
Kb2 axb4 36. axb4 Ra8 37. Bc2 Rd8 38. Ra3 Nb8 39. Kc1 h5 40. gxh5 Rh8 41. Nh2
Nd7 42. Bd1 Kb8 43. Bg4 Nd8 44. Nf3 Kb7 45. Nd2 Nf7 46. Ne4 Rd8 47. Rd3 Kc7 48.
Kb2 Ra8 49. Bd1 Rd8 50. Bb3 Nh6 51. Nd6 e4 52. Re3 Ne5 53. Rxe4 Nd3+ 54. Kc3
Nxf2 55. Re7+ Rd7 56. Re6 Nxh3 57. Rxf6 Ng4 58. Re6 Rh7 59. f6 Nxf6 60. Rxf6
Rxh5 61. Rf7+ Kd8 62. Rf8+ Ke7 63. Re8+ Kd7 64. Be6+ Kc7 65. Rc8# 1-0

[Event "Portugal Open 2018"]
[Site "Lisboa POR"]
[Date "2018.02.06"]
[Round "6.79"]
[White "Zemlicka, Vit"]
[Black "Guerreiro, Paulo"]
[Result "1/2-1/2"]
[WhiteElo "2015"]
[BlackElo "1796"]
[WhiteFideId "303143"]
[BlackFideId "1902105"]
[WhiteCountry "CZE"]
[BlackCountry "POR"]
[PlyCount "57"]
[EventDate "2018.??.??"]

1. e4 c6 2. d4 d5 3. Nd2 dxe4 4. Nxe4 Bf5 5. Ng3 Bg6 6. Nf3 Nd7 7. h4 h6 8. h5
Bh7 9. Bd3 Bxd3 10. Qxd3 e6 11. Bd2 Ngf6 12. O-O-O Be7 13. Kb1 O-O 14. Ne4 Nxe4
15. Qxe4 Nf6 16. Qe2 Qc7 17. g4 Nh7 18. g5 hxg5 19. Rhg1 Qd8 20. Rg4 Qd5 21.
Rdg1 Rfd8 22. c4 Qf5+ 23. Ka1 f6 24. Nh4 gxh4 25. Rxg7+ Kh8 26. Rxe7 Ng5 27. f4
Ne4 28. Bc3 Rg8 29. Rg6 1/2-1/2

[Event "Portugal Open 2018"]
[Site "Lisboa POR"]
[Date "2018.02.06"]
[Round "6.80"]
[White "Cavaleiro, Daniel"]
[Black "Leite, Marta"]
[Result "1-0"]
[WhiteElo "2010"]
[BlackElo "1784"]
[WhiteFideId "1904663"]
[BlackFideId "1904035"]
[WhiteCountry "POR"]
[BlackCountry "POR"]
[PlyCount "52"]
[EventDate "2018.??.??"]

1. d4 d5 2. c4 e6 3. Nc3 Nf6 4. Nf3 Bb4 5. Bd2 O-O 6. e3 b6 7. cxd5 exd5 8. Ne5
Bb7 9. Bd3 Nbd7 10. O-O Nxe5 11. dxe5 Nd7 12. f4 d4 13. exd4 Nxe5 14. Bxh7+ Kxh7
15. dxe5 Qd4+ 16. Kh1 Rad8 17. Qh5+ Kg8 18. Rad1 Qc4 19. Rf2 Rd4 20. Rc1 Rfd8
21. Ne2 Qd5 22. Nxd4 Qxd4 23. Rxc7 g6 24. Qe2 Ba6 25. Qf3 Bxd2 26. h3 Be3 1-0

[Event "Portugal Open 2018"]
[Site "Lisboa POR"]
[Date "2018.02.06"]
[Round "6.81"]
[White "Silva, Tiago Alexandre"]
[Black "Lazarevic, Dusan"]
[Result "1/2-1/2"]
[WhiteElo "1716"]
[BlackElo "1983"]
[WhiteFideId "1935321"]
[BlackFideId "978523"]
[WhiteCountry "POR"]
[BlackCountry "SRB"]
[PlyCount "92"]
[EventDate "2018.??.??"]

1. e4 c5 2. c4 Nc6 3. Nc3 g6 4. g3 Bg7 5. Bg2 d6 6. a3 e6 7. Nge2 Nge7 8. d3 O-O
9. O-O Rb8 10. Rb1 Nd4 11. b4 cxb4 12. axb4 b5 13. Nxd4 Bxd4 14. Nxb5 Rxb5 15.
cxb5 Bd7 16. Bh6 Re8 17. Qb3 Bxb5 18. Kh1 d5 19. f4 dxe4 20. dxe4 Bxf1 21. Bxf1
Qb6 22. Qa4 Qc6 23. Qxc6 Nxc6 24. Bb5 Rc8 25. Rd1 Bb6 26. Rc1 Ne7 27. Rxc8+ Nxc8
28. Kg2 Nd6 29. Bd3 Bd4 30. e5 Ne8 31. Bc4 Nc7 32. Kf3 a6 33. Bg5 Bc3 34. Be7
Kg7 35. g4 f6 36. exf6+ Bxf6 37. Bxf6+ Kxf6 38. g5+ Ke7 39. Ke4 Kd6 40. Kd4 Nd5
41. Bxa6 Nxb4 42. Be2 Nd5 43. Ke4 Nc3+ 44. Kd3 Nd5 45. Ke4 Nc3+ 46. Kd3 Nd5
1/2-1/2

[Event "Portugal Open 2018"]
[Site "Lisboa POR"]
[Date "2018.02.06"]
[Round "6.82"]
[White "Santos, Isabel P"]
[Black "Crespo Gavilán, Abel"]
[Result "0-1"]
[WhiteElo "1739"]
[BlackElo "1978"]
[WhiteFideId "1921681"]
[BlackFideId "2215470"]
[WhiteCountry "POR"]
[BlackCountry "ESP"]
[PlyCount "56"]
[EventDate "2018.??.??"]

1. d4 e6 2. c4 f5 3. Nc3 Nf6 4. Nf3 d5 5. Bg5 c6 6. e3 Bd6 7. Qb3 Nbd7 8. g3 O-O
9. Bg2 b6 10. O-O Qe8 11. Rfc1 Ne4 12. cxd5 cxd5 13. Nxd5 Bb7 14. Nc7 Bxc7 15.
Rxc7 Bd5 16. Qa3 a6 17. Bf4 Ndf6 18. Ne5 g5 19. f3 gxf4 20. fxe4 Bxe4 21. Bxe4
fxe4 22. gxf4 Nd5 23. Rc2 Kh8 24. Rac1 Qh5 25. Kh1 Qh3 26. Rg1 Rf5 27. Rcg2 Qxe3
28. Qxa6 Qxg1+ 0-1

[Event "Portugal Open 2018"]
[Site "Lisboa POR"]
[Date "2018.02.06"]
[Round "6.83"]
[White "Eberlein, Johann"]
[Black "Arroyo Figuero, Fernando"]
[Result "0-1"]
[WhiteElo "1978"]
[BlackElo "1783"]
[WhiteFideId "24623121"]
[BlackFideId "22218769"]
[WhiteCountry "GER"]
[BlackCountry "ESP"]
[PlyCount "110"]
[EventDate "2018.??.??"]

1. Nc3 d5 2. e4 c6 3. Qe2 dxe4 4. Nxe4 Bf5 5. Nf3 e6 6. d4 Nf6 7. Nxf6+ gxf6 8.
Nh4 Be7 9. Nxf5 Qa5+ 10. Bd2 Qxf5 11. O-O-O Nd7 12. Be3 Nb6 13. Qd3 Qa5 14. Kb1
Rd8 15. Qb3 Rg8 16. c4 Rd7 17. g3 Nc8 18. Bg2 Nb6 19. Rhe1 Kf8 20. Bh6+ Ke8 21.
Be3 Kf8 22. Ka1 Ke8 23. Be4 Qh5 24. h4 Kf8 25. Bf3 Qa5 26. Be4 f5 27. Bf3 Ke8
28. Rf1 Nc8 29. d5 cxd5 30. cxd5 e5 31. Be2 Kf8 32. Bh6+ Ke8 33. Bb5 Nd6 34.
Bxd7+ Kxd7 35. Bd2 Qa6 36. Bb4 Rc8 37. Bxd6 Bxd6 38. Qd3 Rc1+ 39. Rxc1 Qxd3 40.
Rcd1 Qe2 41. Rde1 Qb5 42. Rd1 e4 43. Rfe1 Be5 44. Rd2 Qb4 45. Red1 Kd6 46. Kb1
a5 47. Rc2 a4 48. Kc1 h5 49. a3 Qb3 50. Re2 Bf6 51. Rdd2 Qa2 52. Rc2 Qb3 53.
Rcd2 Be5 54. Rd1 f4 55. Rxe4 Qxb2# 0-1

[Event "Portugal Open 2018"]
[Site "Lisboa POR"]
[Date "2018.02.06"]
[Round "6.84"]
[White "Rodriguez Bernal, Herman"]
[Black "Morais, Vítor"]
[Result "0-1"]
[WhiteElo "1730"]
[BlackElo "1977"]
[WhiteFideId "22266186"]
[BlackFideId "1900552"]
[BlackTitle "NM"]
[BlackCountry "POR"]
[PlyCount "86"]
[EventDate "2018.??.??"]

1. d4 d5 2. e3 Bf5 3. Bd3 Nh6 4. Bxf5 Nxf5 5. f4 e6 6. Nf3 Nd7 7. g4 Nh4 8. Nbd2
Bd6 9. Qe2 h6 10. g5 Nf5 11. c4 c6 12. Nb3 dxc4 13. Qxc4 Qe7 14. Bd2 Nb6 15. Qe2
Bb4 16. Ne5 g6 17. a3 Bxd2+ 18. Qxd2 O-O 19. Nc5 Rfd8 20. Rd1 Rac8 21. Kf2 Kg7
22. Rhe1 Kh7 23. Re2 Kg8 24. Qc1 Rc7 25. Rd3 Kh7 26. Rc2 Ng7 27. e4 f5 28. gxf6
Qxf6 29. Qg1 Qxf4+ 30. Rf3 Qh4+ 31. Ke3 g5 32. Nf7 g4 33. Nxd8 gxf3 34. Ndxb7
Re7 35. Qg3 Nf5+ 36. exf5 exf5+ 37. Kd3 Qe4+ 38. Kc3 Nd5+ 39. Kb3 Qd3+ 40. Ka2
Qxc2 41. Qxf3 Qc4+ 42. Qb3 Nc3+ 43. bxc3 Re2+ 0-1

[Event "Portugal Open 2018"]
[Site "Lisboa POR"]
[Date "2018.02.06"]
[Round "6.85"]
[White "Monteiro, Sara"]
[Black "Fernandes, Tiago Saraiva"]
[Result "0-1"]
[WhiteElo "1712"]
[BlackElo "1969"]
[WhiteFideId "1909860"]
[BlackFideId "1920928"]
[WhiteTitle "WCM"]
[WhiteCountry "POR"]
[BlackCountry "POR"]
[PlyCount "76"]
[EventDate "2018.??.??"]

1. d4 c5 2. c3 Nf6 3. Nf3 b6 4. g3 g6 5. Bg2 Bb7 6. O-O Bg7 7. Qb3 cxd4 8. Ne5
d5 9. Qb5+ Nbd7 10. cxd4 O-O 11. Nc6 Bxc6 12. Qxc6 e6 13. Nc3 Ne8 14. Rd1 Rc8
15. Qb5 Nd6 16. Qd3 Rc4 17. e3 Qc7 18. Bd2 Rc8 19. Rac1 Qd8 20. b3 R4c7 21. h4
f5 22. f3 f4 23. exf4 Nf5 24. Ne2 Bf8 25. Rxc7 Rxc7 26. Rc1 Nb8 27. Rxc7 Qxc7
28. Qc3 Nc6 29. Bh3 Ng7 30. Qe3 Kf7 31. Nc1 Nxd4 32. Bc3 Ndf5 33. Qe1 d4 34. Bb2
Qc2 35. Qf2 Qd1+ 36. Bf1 Ne3 37. Nd3 Ngf5 38. Kh2 Nxf1+ 0-1

[Event "Portugal Open 2018"]
[Site "Lisboa POR"]
[Date "2018.02.06"]
[Round "6.86"]
[White "Gratze, Michael"]
[Black "Alves, Fernando"]
[Result "1-0"]
[WhiteElo "1968"]
[BlackElo "1701"]
[WhiteFideId "1613871"]
[BlackFideId "1905678"]
[WhiteCountry "AUT"]
[BlackCountry "POR"]
[PlyCount "40"]
[EventDate "2018.??.??"]

1. e4 c5 2. Nf3 d6 3. Bb5+ Nc6 4. Bxc6+ bxc6 5. O-O e5 6. c3 Bg4 7. h3 Bh5 8. g4
Bg6 9. d3 Be7 10. Na3 Qd7 11. Nc4 h5 12. Nh2 hxg4 13. hxg4 f6 14. Qa4 Rb8 15. f3
Nh6 16. Be3 Bf7 17. Rf2 Be6 18. Na5 Rb6 19. b4 Qc7 20. Nb3 Ra6 1-0

[Event "Portugal Open 2018"]
[Site "Lisboa POR"]
[Date "2018.02.06"]
[Round "6.87"]
[White "Barrento, Jorge"]
[Black "Candeias, Humberto"]
[Result "0-1"]
[WhiteElo "1700"]
[BlackElo "1935"]
[WhiteFideId "1906500"]
[BlackFideId "1903454"]
[WhiteCountry "POR"]
[BlackCountry "POR"]
[PlyCount "96"]
[EventDate "2018.??.??"]

1. Nf3 Nc6 2. d4 d5 3. e3 Bg4 4. Be2 Nf6 5. Nbd2 e6 6. a3 Bd6 7. c4 O-O 8. c5
Be7 9. b4 Ne4 10. Nxe4 dxe4 11. Nd2 Bf5 12. b5 Nb8 13. Qc2 Bf6 14. Bb2 Nd7 15.
Nxe4 Be7 16. Bd3 Kh8 17. Ng3 Bxd3 18. Qxd3 Nxc5 19. Qc2 Nd7 20. O-O c6 21. bxc6
Rc8 22. Rac1 Rxc6 23. Qd2 Ra6 24. Ra1 Nf6 25. Rfc1 Qb8 26. a4 Rc8 27. Rxc8+ Qxc8
28. Rc1 Rc6 29. Rxc6 Qxc6 30. Qd1 Bb4 31. Ne2 h6 32. Nf4 Bd6 33. Nd3 Ne4 34. Ne5
Bxe5 35. dxe5 Qd5 36. Qc2 Qd2 37. Qxd2 Nxd2 38. a5 a6 39. Bd4 Kg8 40. f3 Kf8 41.
Kf2 Ke8 42. h4 Nc4 43. Bc3 h5 44. Ke2 Kd7 45. Kd3 b5 46. axb6 Nxb6 47. e4 Kc6
48. f4 g6 0-1

[Event "Portugal Open 2018"]
[Site "Lisboa POR"]
[Date "2018.02.06"]
[Round "6.88"]
[White "Turta, Stelian"]
[Black "Santos, José Duarte"]
[Result "1-0"]
[WhiteElo "1922"]
[BlackElo "1744"]
[WhiteFideId "1924680"]
[BlackFideId "1902318"]
[WhiteCountry "POR"]
[BlackCountry "POR"]
[PlyCount "102"]
[EventDate "2018.??.??"]

1. d4 Nf6 2. Nf3 g6 3. Bf4 Bg7 4. h3 O-O 5. e3 d6 6. Be2 Nfd7 7. O-O e5 8. Bh2
e4 9. Nfd2 f5 10. c4 Qh4 11. Bg3 Qh6 12. Nc3 Nf6 13. b4 Nc6 14. Rb1 Nd8 15. Nb5
Ne8 16. c5 a6 17. Nc3 Be6 18. a4 Nf7 19. Qc2 d5 20. Qb3 c6 21. Rb2 Nf6 22. b5
axb5 23. axb5 g5 24. bxc6 bxc6 25. Bh2 Rae8 26. Qb7 Nd8 27. Qa6 f4 28. Nd1 f3
29. gxf3 Bxh3 30. Re1 exf3 31. Bxf3 Nd7 32. Qd3 Ne6 33. Re2 Nexc5 34. dxc5 Nxc5
35. Qa3 Nd7 36. Rc2 Ra8 37. Qd6 Ra1 38. Re1 Rf6 39. Qc7 Rxf3 40. Nxf3 Qh5 41.
Qg3 Ne5 42. Nd4 Qxd1 43. f4 Qxe1+ 44. Qxe1 Rxe1+ 45. Kf2 Nd3+ 46. Kf3 g4+ 47.
Kg3 Rxe3+ 48. Kh4 Bf6+ 49. Kh5 Bxd4 50. Rxc6 g3 51. Bg1 Nxf4+ 1-0

[Event "Portugal Open 2018"]
[Site "Lisboa POR"]
[Date "2018.02.06"]
[Round "6.89"]
[White "Stokes, Paul"]
[Black "Avelino, Camila"]
[Result "1-0"]
[WhiteElo "1916"]
[BlackElo "1694"]
[WhiteFideId "419010"]
[BlackFideId "1938975"]
[WhiteCountry "ENG"]
[BlackCountry "POR"]
[PlyCount "112"]
[EventDate "2018.??.??"]

1. d4 Nf6 2. c4 g6 3. g3 Bg7 4. Bg2 O-O 5. Nc3 d6 6. Nf3 Nbd7 7. O-O e5 8. e4
exd4 9. Nxd4 Re8 10. h3 Nc5 11. Re1 Bd7 12. b4 Ne6 13. Nb3 Qc8 14. Qc2 Nd8 15.
Kh2 Nc6 16. a3 a5 17. b5 Ne5 18. Nd2 Be6 19. Ne2 Nfd7 20. Bb2 Nxc4 21. Nxc4 Bxc4
22. Bxg7 Bxe2 23. Bh6 Bh5 24. g4 Bxg4 25. hxg4 Ne5 26. f3 Qd8 27. Bf4 Qh4+ 28.
Kg1 Rac8 29. Red1 Nd7 30. Qf2 Qf6 31. Bg3 Nc5 32. Rac1 Ne6 33. Rc2 Nc5 34. Qd2
b6 35. Qc3 Qg5 36. Rd5 Qe7 37. Bf1 Na4 38. Qd4 Nc5 39. Bc4 Ne6 40. Qd2 Nc5 41.
Qg5 Qxg5 42. Rxg5 Kg7 43. Rd5 Red8 44. Rd1 Re8 45. Bd5 Red8 46. Bf2 Re8 47. Bc6
Red8 48. Bd4+ Kg8 49. Bf6 Rf8 50. Be7 Kg7 51. Bxf8+ Kxf8 52. Rh2 Kg7 53. Kf2 Rf8
54. Rdh1 Rh8 55. Ke3 Ne6 56. Bd5 Nc5 1-0

[Event "Portugal Open 2018"]
[Site "Lisboa POR"]
[Date "2018.02.06"]
[Round "6.90"]
[White "Asvestopoulou, Evdokia"]
[Black "Skielnik, Joseph"]
[Result "1/2-1/2"]
[WhiteElo "1685"]
[BlackElo "1890"]
[WhiteFideId "4219198"]
[BlackFideId "423807"]
[WhiteCountry "GRE"]
[BlackCountry "ENG"]
[PlyCount "47"]
[EventDate "2018.??.??"]

1. d4 Nf6 2. c4 d6 3. Nc3 g6 4. e4 Bg7 5. f3 O-O 6. Be3 Na6 7. Bd3 c6 8. Nge2
Bd7 9. O-O e5 10. d5 c5 11. Rc1 Nc7 12. g4 a6 13. Ng3 b5 14. Rc2 bxc4 15. Bxc4
Nb5 16. Bxb5 axb5 17. b3 b4 18. Nb1 Bb5 19. Rff2 Nd7 20. Qc1 f6 21. h4 Rf7 22.
h5 Nf8 23. Nd2 Raa7 24. Nc4 1/2-1/2

[Event "Portugal Open 2018"]
[Site "Lisboa POR"]
[Date "2018.02.06"]
[Round "6.91"]
[White "Gomes, José Luis"]
[Black "Guia, Artur"]
[Result "1-0"]
[WhiteElo "1889"]
[BlackElo "1668"]
[WhiteFideId "1901710"]
[BlackFideId "1946781"]
[WhiteCountry "POR"]
[BlackCountry "POR"]
[PlyCount "77"]
[EventDate "2018.??.??"]

1. Nf3 d5 2. c4 e6 3. g3 Nf6 4. b3 Be7 5. Bg2 O-O 6. O-O Nbd7 7. Bb2 c6 8. d3 b6
9. Nc3 Bb7 10. Re1 c5 11. e3 Rc8 12. Rc1 Qc7 13. Rc2 Qb8 14. Qa1 Qa8 15. cxd5
exd5 16. d4 Ne4 17. Nxe4 dxe4 18. Nd2 cxd4 19. Rxc8 Rxc8 20. Bxd4 Bf6 21. Bxf6
Nxf6 22. Rc1 Rxc1+ 23. Qxc1 Qd8 24. Qc2 Qe7 25. h4 h6 26. Qc4 Qe5 27. Qc1 b5 28.
Bh3 Qd6 29. Qc2 Qe5 30. a4 a6 31. Bc8 Qb8 32. Bxb7 Qxb7 33. a5 Kf8 34. b4 Ke7
35. Qc5+ Ke8 36. Nb3 Qd5 37. Qc8+ Ke7 38. Nd4 Qb3 39. Nf5# 1-0

[Event "Portugal Open 2018"]
[Site "Lisboa POR"]
[Date "2018.02.06"]
[Round "6.92"]
[White "Sousa, Tadeu"]
[Black "Bártolo, Filipe"]
[Result "1-0"]
[WhiteElo "1888"]
[BlackElo "1572"]
[WhiteFideId "1928198"]
[BlackFideId "1942565"]
[WhiteCountry "POR"]
[BlackCountry "POR"]
[PlyCount "169"]
[EventDate "2018.??.??"]

1. e4 c5 2. Nf3 e6 3. g3 d5 4. exd5 exd5 5. d4 Nf6 6. Bg2 Bg4 7. O-O cxd4 8.
Qe1+ Be7 9. Nxd4 O-O 10. h3 Bd7 11. Be3 Nc6 12. Nc3 Re8 13. Qd1 Ne5 14. Nb3 Bc6
15. Bd4 Nc4 16. Rb1 Ne4 17. Qd3 Nxc3 18. Bxc3 Bf6 19. Bxf6 Qxf6 20. Nd4 Ne5 21.
Qf5 Qxf5 22. Nxf5 Nc4 23. Rfd1 Rad8 24. Nd4 f6 25. Bf3 Ne5 26. Kg2 Nxf3 27. Kxf3
Re4 28. c4 Kf7 29. Nxc6 bxc6 30. cxd5 cxd5 31. Rxd5 Rxd5 32. Kxe4 Rd2 33. Ke3
Rc2 34. Rd1 Rxb2 35. Rd7+ Kg6 36. Rxa7 f5 37. a4 Ra2 38. a5 Kf6 39. a6 h6 40.
Ra8 g5 41. a7 Kg7 42. Kd4 Ra5 43. Kc4 Kh7 44. Kb4 Ra1 45. Kb5 f4 46. Kb6 Rb1+
47. Kc7 Rc1+ 48. Kd6 Ra1 49. gxf4 gxf4 50. Ke5 Ra4 51. Kf5 Kg7 52. Kg4 Kh7 53.
f3 Kg7 54. Kf5 Kh7 55. Kf6 Ra6+ 56. Ke7 Ra1 57. Kd6 Ra2 58. Ke6 Ra1 59. Rf8 Ra6+
60. Ke5 Rxa7 61. Rxf4 Ra1 62. Rg4 Re1+ 63. Kf6 Ra1 64. Rg7+ Kh8 65. Re7 Ra3 66.
Kg6 Ra6+ 67. Kh5 Rf6 68. Kg4 Rg6+ 69. Kh4 Rf6 70. Kg3 Rg6+ 71. Kf2 Kg8 72. f4
Kf8 73. Rh7 Rf6 74. Kf3 Kg8 75. Rd7 Kf8 76. Kg4 Ra6 77. h4 Ra1 78. Rh7 Rg1+ 79.
Kf5 Kg8 80. Rxh6 Kg7 81. Rh5 Kf7 82. Rh7+ Kg8 83. Rd7 Rh1 84. h5 Rxh5+ 85. Kg6
1-0

[Event "Portugal Open 2018"]
[Site "Lisboa POR"]
[Date "2018.02.06"]
[Round "6.93"]
[White "Santos, Ruben"]
[Black "Ruiz Bellón, Manuel"]
[Result "0-1"]
[WhiteElo "1669"]
[BlackElo "1886"]
[WhiteFideId "1952838"]
[BlackFideId "32011504"]
[WhiteCountry "POR"]
[BlackCountry "ESP"]
[PlyCount "106"]
[EventDate "2018.??.??"]

1. a3 g6 2. d4 Bg7 3. Bf4 Nf6 4. Nf3 O-O 5. e3 d6 6. Bd3 Nc6 7. Nbd2 Qe8 8. Bb5
a6 9. Bxc6 Qxc6 10. h3 Bf5 11. Rc1 Rad8 12. O-O Ne4 13. c3 b6 14. Qe2 Rfe8 15.
Rfd1 Nxd2 16. Rxd2 Bc8 17. d5 Qd7 18. Bg3 e5 19. e4 Rf8 20. Rdd1 h6 21. Nd2 f5
22. f3 f4 23. Bf2 g5 24. c4 h5 25. Rc3 Qf7 26. b4 g4 27. fxg4 hxg4 28. hxg4 Qg6
29. c5 Bxg4 30. Nf3 Bf6 31. cxb6 Bh3 32. Nh4 Bxh4 33. Rxh3 f3 34. Rxf3 Rxf3 35.
Qxf3 Rf8 36. bxc7 Rxf3 37. c8=Q+ Rf8 38. Qe6+ Qxe6 39. dxe6 Bxf2+ 40. Kh2 Bd4
41. Rc1 a5 42. Rc6 axb4 43. axb4 Rd8 44. b5 Kf8 45. b6 Ke7 46. b7 Rb8 47. Rc7+
Kxe6 48. g4 Bb6 49. Rh7 Be3 50. Kg3 Bg5 51. Rg7 Be7 52. g5 Rxb7 53. g6 Bh4+ 0-1

[Event "Portugal Open 2018"]
[Site "Lisboa POR"]
[Date "2018.02.06"]
[Round "6.94"]
[White "Silva, Daniel"]
[Black "Marques, Rui"]
[Result "1/2-1/2"]
[WhiteElo "1536"]
[BlackElo "1876"]
[WhiteFideId "1951378"]
[BlackFideId "1903390"]
[WhiteCountry "POR"]
[BlackCountry "POR"]
[PlyCount "29"]
[EventDate "2018.??.??"]

1. e4 c5 2. Nf3 Nc6 3. d4 cxd4 4. Nxd4 g6 5. Nc3 Bg7 6. Be3 Nf6 7. Be2 O-O 8.
O-O d5 9. exd5 Nxd5 10. Nxd5 Nxd4 11. Bxd4 Qxd5 12. Bxg7 Qxd1 13. Rfxd1 Kxg7 14.
Rd2 Be6 15. Rad1 1/2-1/2

[Event "Portugal Open 2018"]
[Site "Lisboa POR"]
[Date "2018.02.06"]
[Round "6.95"]
[White "Cohen, Lawrence"]
[Black "Afonso, Paulo Jorge"]
[Result "1-0"]
[WhiteElo "1866"]
[BlackElo "1511"]
[WhiteFideId "2026228"]
[BlackFideId "1907549"]
[WhiteCountry "USA"]
[BlackCountry "POR"]
[PlyCount "129"]
[EventDate "2018.??.??"]

1. e4 e6 2. d3 d5 3. e5 c5 4. f4 Nc6 5. c3 Bd7 6. Nf3 Nh6 7. Be2 Nf5 8. Na3 a6
9. Nc2 Be7 10. O-O O-O 11. Ne3 g6 12. g4 Nxe3 13. Bxe3 Qb6 14. b3 Rac8 15. g5 d4
16. cxd4 Nxd4 17. Bxd4 cxd4 18. h4 Ba3 19. Nd2 Qc6 20. Bf3 Qc7 21. Nc4 Bb4 22.
a3 Bc3 23. Ra2 Bc6 24. Nd6 Rb8 25. h5 Bxf3 26. Qxf3 Qc6 27. Qh3 Qd7 28. Rh2 b5
29. Ne4 f5 30. gxf6 gxh5 31. Ng5 Rb7 32. Qxe6+ Qxe6 33. Nxe6 Re8 34. Ng5 Ba5 35.
Rxh5 Bd8 36. f7+ Rxf7 37. Nxf7 Kxf7 38. Rxh7+ Kg6 39. Rh2 Kf5 40. Rh6 Rg8+ 41.
Kh2 a5 42. Rg1 Rxg1 43. Kxg1 Kxf4 44. e6 Ke3 45. Rh3+ Kd2 46. a4 b4 47. Rh8 Bf6
48. Rc8 Kxd3 49. Kf1 Bh4 50. Rh8 Bg5 51. Rh3+ Ke4 52. Ke2 Bf6 53. Rh7 d3+ 54.
Kd1 Kd4 55. Rc7 Bg5 56. Rg7 Bf6 57. Rg6 Be7 58. Kd2 Bd6 59. Rg4+ Ke5 60. Kxd3
Kxe6 61. Kc4 Bc7 62. Rd4 Bb6 63. Rd1 Bc7 64. Kc5 Bg3 65. Kb6 1-0

[Event "Portugal Open 2018"]
[Site "Lisboa POR"]
[Date "2018.02.06"]
[Round "6.96"]
[White "Marques, Afonso"]
[Black "Coelho, Pedro"]
[Result "1/2-1/2"]
[WhiteElo "1399"]
[BlackElo "1864"]
[WhiteFideId "1947184"]
[BlackFideId "1905694"]
[WhiteCountry "POR"]
[BlackCountry "POR"]
[PlyCount "50"]
[EventDate "2018.??.??"]

1. e4 d5 2. exd5 Qxd5 3. Nc3 Qa5 4. d4 c6 5. Bc4 Nf6 6. Bf4 e6 7. a3 b5 8. Bb3
Nbd7 9. Nge2 Bb7 10. O-O Be7 11. Qd3 O-O 12. Ng3 a6 13. Nge4 c5 14. dxc5 Bxe4
15. Nxe4 Nxc5 16. Nxc5 Bxc5 17. c3 Rad8 18. Qf3 Qb6 19. Bg5 Be7 20. Rfe1 h6 21.
Be3 Qc7 22. h3 Nh7 23. Qg4 Nf6 24. Qf3 Nh7 25. Qg4 Nf6 1/2-1/2

[Event "Portugal Open 2018"]
[Site "Lisboa POR"]
[Date "2018.02.06"]
[Round "6.97"]
[White "Roxo, Agostinho"]
[Black "Antunes, André"]
[Result "1-0"]
[WhiteElo "1862"]
[BlackElo "1459"]
[WhiteFideId "1902890"]
[BlackFideId "1936328"]
[WhiteCountry "POR"]
[BlackCountry "POR"]
[PlyCount "21"]
[EventDate "2018.??.??"]

1. c4 e5 2. Nc3 Nf6 3. e3 d5 4. cxd5 Nxd5 5. Nf3 Nc6 6. Bb5 Bg4 7. Qa4 Nxc3 8.
Bxc6+ bxc6 9. Qxg4 Nd5 10. Nxe5 Qf6 11. Qd7# 1-0

[Event "Portugal Open 2018"]
[Site "Lisboa POR"]
[Date "2018.02.06"]
[Round "6.98"]
[White "Palhas, Miguel Brando"]
[Black "Hapke, Ralf"]
[Result "0-1"]
[WhiteElo "1323"]
[BlackElo "1859"]
[WhiteFideId "1961349"]
[BlackFideId "4655630"]
[WhiteCountry "POR"]
[BlackCountry "GER"]
[PlyCount "112"]
[EventDate "2018.??.??"]

1. Nf3 Nf6 2. d4 g6 3. c4 c5 4. e3 Bg7 5. Nc3 b6 6. g3 Bb7 7. d5 d6 8. Bg2 O-O
9. O-O a6 10. Rb1 b5 11. b4 cxb4 12. Rxb4 Qa5 13. a3 Nbd7 14. Qc2 Nc5 15. Nd4
bxc4 16. Rxc4 Ng4 17. Bb2 Rab8 18. Rb1 Ne5 19. Rb4 Ned3 20. Nb3 Qc7 21. Nxc5
Nxc5 22. Ne2 a5 23. Bxg7 Kxg7 24. Qb2+ Kg8 25. Rb5 a4 26. Nd4 Nb3 27. Nxb3 Ba6
28. Rxb8 Rxb8 29. Rc1 Rxb3 30. Qa1 Qb7 31. Bf1 Bxf1 32. Kxf1 f6 33. e4 Qb5+ 34.
Kg2 Qd3 35. Kh3 Qxe4 36. Re1 Qf5+ 37. Kg2 Qxd5+ 38. Kg1 Kf7 39. Qa2 Rd3 40.
Qxd5+ Rxd5 41. Re4 Ra5 42. Kf1 e5 43. Ke2 d5 44. Rb4 h5 45. Kd3 Ke6 46. h3 Ra6
47. f3 Kd6 48. g4 hxg4 49. hxg4 f5 50. gxf5 gxf5 51. Rh4 Kc5 52. Rh5 e4+ 53.
fxe4 fxe4+ 54. Kc3 Rb6 55. Rh8 Rb3+ 56. Kc2 Rxa3 0-1